Cities of North Ossetia–Alania republic (Russia) - Statistics

General Stats
  • This quiz has been taken 8 times
    6 since last reset
  • The average score is 4 of 6
Answer Stats
Population City % Correct
295,830 Vladikavkaz
100%
21,550 Alagir
60%
18,956 Ardon
60%
35,929 Beslan
60%
9,922 Digora
60%
36,784 Mozdok
40%
No matching quizzes found
Score Distribution
Percent of People with Each Score
Percentile by Number Answered
Your Score History
You have not taken this quiz since the last reset